Jellyfish / by Bizzy Harris.
Available copies
- 1 of 2 copies available at LARL/NWRL Consortium.
- 1 of 2 copies available at Lake Agassiz Regional Library. (Show preferred library)
Current holds
0 current holds with 2 total copies.
Show Only Available Copies
| Location | Call Number / Copy Notes | Barcode | Shelving Location | Status | Due Date |
|---|---|---|---|---|---|
| Bagley Public Library | E 593.53 HAR (Text) | 33500013566435 | Main | Available | - |
| Moorhead Public Library | E 593.53 HAR (Text) | 33500013607486 | Main | Checked out | 07/06/2026 |
Record details
- ISBN: 9781636902821
- ISBN: 1636902820
- ISBN: 9781636902838
- ISBN: 1636902839
- Physical Description: 24 pages : color illustrations ; 24 cm.
- Publisher: Minneapolis : Pogo Books/Jump!, Inc., [2022]
- Copyright: ©2022
Content descriptions
| General Note: | Includes index. |
| Summary, etc.: | "In this book, early fluent readers will learn how ... Read More |
| Target Audience Note: | Ages 7-10 Jump!, Inc. |
Search for related items by subject
| Subject: | Jellyfishes > Juvenile literature. Jellyfishes. |
| Genre: | Juvenile works. |
Search for related items by series
| LDR | 02546cam a22004938i 4500 | ||
|---|---|---|---|
| 001 | 388014 | ||
| 003 | LARL_NWRL_CONSORTIUM | ||
| 005 | 20220322201239.0 | ||
| 008 | 210517s2022 mnua j 001 0 eng | ||
| 010 | . | ‡a 2021022619 | |
| 040 | . | ‡aDLC ‡beng ‡erda ‡cDLC ‡dOCLCO ‡dOCLCF ‡dOI6 ‡dYDX ‡dBDX | |
| 019 | . | ‡a1272954867 ‡a1272957432 ‡a1273075194 ‡a1273077825 | |
| 020 | . | ‡a9781636902821 ‡q(hardcover) | |
| 020 | . | ‡a1636902820 | |
| 020 | . | ‡a9781636902838 ‡q(paperback) | |
| 020 | . | ‡a1636902839 | |
| 020 | . | ‡z9781636902845 ‡q(ebook) | |
| 035 | . | ‡a(OCoLC)1251742119 ‡z(OCoLC)1272954867 ‡z(OCoLC)1272957432 ‡z(OCoLC)1273075194 ‡z(OCoLC)1273077825 | |
| 042 | . | ‡apcc | |
| 082 | 0 | 0. | ‡a593.5/3 ‡223 |
| 100 | 1 | . | ‡aHarris, Bizzy, ‡eauthor. |
| 245 | 1 | 0. | ‡aJellyfish / ‡cby Bizzy Harris. |
| 264 | 1. | ‡aMinneapolis : ‡bPogo Books/Jump!, Inc., ‡c[2022] | |
| 264 | 4. | ‡c©2022 | |
| 300 | . | ‡a24 pages : ‡bcolor illustrations ; ‡c24 cm. | |
| 336 | . | ‡atext ‡btxt ‡2rdacontent | |
| 337 | . | ‡aunmediated ‡bn ‡2rdamedia | |
| 338 | . | ‡avolume ‡bnc ‡2rdacarrier | |
| 490 | 0 | . | ‡aWorld of ocean animals |
| 500 | . | ‡aIncludes index. | |
| 520 | . | ‡a"In this book, early fluent readers will learn how jellyfish live and survive in the ocean. Vibrant, full-color photos and carefully leveled text will engage young readers as they learn more about the invertebrate's appearance, diet, life cycle, and behaviors. Take a Look! infographics highlight and label the invertebrate's range and habitat as well as its anatomy. Sidebars present interesting, supplementary information, and an activity offers readers an opportunity to extend discovery. Children can learn more about jellyfish using our safe search engine that provides relevant, age-appropriate websites. Jellyfish also features reading tips for teachers and parents, a table of contents, a glossary, and an index. Jellyfish is part of Jump!'s The World of Ocean Animals series"-- ‡cProvided by publisher. | |
| 521 | . | ‡aAges 7-10 ‡bJump!, Inc. | |
| 650 | 0. | ‡aJellyfishes ‡vJuvenile literature. ‡0(LARL_NWRL_CONSORTIUM)169740 | |
| 650 | 7. | ‡aJellyfishes. ‡2fast ‡0(LARL_NWRL_CONSORTIUM)25463 | |
| 655 | 7. | ‡aJuvenile works. ‡2fast | |
| 776 | 0 | 8. | ‡iOnline version: ‡aHarris, Bizzy. ‡tJellyfish ‡dMinneapolis : Jump!, Inc., 2022 ‡z9781636902845 ‡w(DLC) 2021022620 |
| 901 | . | ‡a388014 ‡b ‡c388014 ‡tbiblio | |

Add to basket
Permalink
Disable Highlighting